书目信息 |
| 题名: |
磁带录像机原理与调试
|
|
| 作者: | 武世鹏 , 董美云 著 | |
| 分册: | ||
| 出版信息: | 北京 电子工业出版社 1988.03 |
|
| 页数: | 283页 | |
| 开本: | 26cm | |
| 丛书名: | ||
| 单 册: | ||
| 中图分类: | TN946 , TN646 | |
| 科图分类: | ||
| 主题词: | 磁带录象机 , 电声器件 | |
| 电子资源: | ||
| ISBN: | 7-5053-0063-6 | |
| 000 | 00848nam0 2200301 45 | |
| 001 | 0182006425 | |
| 005 | 20040920102328.1 | |
| 010 | @dCNY4.85@a7-5053-0063-6 | |
| 091 | @aCN@b15061.185 | |
| 100 | @a19950408d1988 em y0chiy0121 ea | |
| 101 | 1 | @achi |
| 102 | @aCN@b110000 | |
| 105 | @ay z 000yy | |
| 106 | @ar | |
| 200 | 10 | @a磁带录像机原理与调试@ACi Dai Lu Xiang Ji Yuan Li Yu Diao Shi@f武世鹏,董美云著@FWu Shi Peng,Dong Mei Yun Zhu |
| 210 | @a北京@c电子工业出版社@d1988.03 | |
| 215 | @a283页@d26cm | |
| 300 | @a书名原文:Video tape recorders | |
| 510 | 1 | @aVideo tape recorders@zeng |
| 606 | @a磁带录象机 | |
| 606 | 0 | @a电声器件 |
| 690 | @aTN946@v3 | |
| 690 | @aTN646 | |
| 701 | 0 | @a武世鹏@4著 |
| 701 | 0 | @a董美云@4著 |
| 801 | 0 | @aCN@b上海图书馆@c20040920 |
| 801 | 2 | @aCN@bNLC@c20040920 |
| 905 | @f1@b210479@dTN646@e46 | |
| 磁带录像机原理与调试/武世鹏,董美云著.-北京:电子工业出版社,1988.03 |
| 283页;26cm |
| 书名原文:Video tape recorders |
| ISBN 7-5053-0063-6:CNY4.85 |
| ● |
| 相关链接 |
|
|
|
|
正题名:磁带录像机原理与调试
索取号:TN646/46
 
预约/预借
| 序号 | 登录号 | 条形码 | 馆藏地/架位号 | 状态 | 备注 |
| 1 | 0210479 | 001960845 | 第二样本阅览室/ [索取号:TN646/46] | 在馆 |